| Поле | Название | Значение |
| |
Тип записи |
a |
| |
Библиографический уровень |
m |
| 001 |
Контрольный номер |
e515dd5352aa496d9f9dae0cf6936740 |
| 005 |
Дата корректировки |
20140605102137.3 |
| 010 |
Индекс ISBN |
__ |
| a |
ISBN |
978-5-392-00450-8 |
| 200 |
Заглавие и сведения об ответственности |
1_ |
| a |
Заглавие |
Право интеллектуальной собственности |
| e |
Сведения, относящиеся к заглавию |
учеб. |
| f |
Первые сведения об ответственности |
С. А. Судариков |
| 210 |
Выходные данные |
1_ |
| c |
Издательство |
Проспект |
| a |
Место издания |
М. |
| d |
Дата издания |
2009 |
| 215 |
Физическое описание |
__ |
| a |
Объем |
367 с. |
| 610 |
Ключевые слова |
0_ |
| a |
Ключевые слова |
интеллектуальная собственность |
| 610 |
Ключевые слова |
0_ |
| a |
Ключевые слова |
право |
| 610 |
Ключевые слова |
0_ |
| a |
Ключевые слова |
смежные права |
| 610 |
Ключевые слова |
0_ |
| a |
Ключевые слова |
права авторов |
| 610 |
Ключевые слова |
0_ |
| a |
Ключевые слова |
авторское право |
| 610 |
Ключевые слова |
0_ |
| a |
Ключевые слова |
патентное право |
| 610 |
Ключевые слова |
0_ |
| a |
Ключевые слова |
охрана товарных знаков |
| 610 |
Ключевые слова |
0_ |
| a |
Ключевые слова |
исключительное право |
| 610 |
Ключевые слова |
0_ |
| a |
Ключевые слова |
франшизный договор |
| 610 |
Ключевые слова |
0_ |
| a |
Ключевые слова |
защита интеллектуальных прав |
| 610 |
Ключевые слова |
0_ |
| a |
Ключевые слова |
учебник |
| 686 |
Индексы других классификаций |
__ |
| a |
Классификационный индекс |
67.623.3я73 |
| 2 |
Код системы |
rubbk |
| 700 |
Автор |
_1 |
| a |
Фамилия |
Судариков |
| b |
Имя |
С. А. |
| g |
Полное личное имя |
Станислав Анатольевич |
| 801 |
Источник записи |
_0 |
| a |
Страна |
RU |
| b |
Организация |
РУК |
| c |
Дата составления |
20091203 |
| g |
Правила каталогизации |
PSBO |
| 801 |
Источник записи |
_1 |
| a |
Страна |
RU |
| b |
Организация |
РУК |
| c |
Дата составления |
20091203 |
| g |
Правила каталогизации |
PSBO |
| 852 |
Данные о местонахождении |
__ |
| i |
Авторский знак |
С 89 |
| j |
Шифр хранения |
ББК 67 |
| 901 |
Тип документа |
__ |
| t |
Тип документа |
m |
| 938 |
Служебная информация |
__ |
| a |
Название организации |
Головной вуз |
| b |
Имя БД |
BOOK |
| c |
Название АИБС |
АИБС ИРБИС |
| 952 |
Тип литературы |
__ |
| c |
Вид литературы |
учебник |